| 000 | 01765nam0a2200409 4500 | ||
|---|---|---|---|
| 001 | RU\NLR\bibl\1666841 | ||
| 005 | 20260406045425.0 | ||
| 010 |
_a978-5-222-17426-5 _92500 |
||
| 021 |
_aRU _b2010-53925 _93550 |
||
| 035 | _a(nilc)RSL-KNO-004706073 | ||
| 035 | _a(NLR Aleph) 001658114 | ||
| 090 |
_a964252 _c964252 |
||
| 100 | _a20100712d2010 |||y0rusy50 ca | ||
| 101 | 0 | _arus | |
| 102 | _aRU | ||
| 105 | _aa zzzz||||| | ||
| 200 | 1 |
_aНеотложная помощь детям _fВ. П. Молочный, М. Ф. Рзянкина, Н. Г. Жила |
|
| 210 |
_aРостов-на-Дону _cФеникс _d2010 |
||
| 215 |
_a222 с. _cил., табл. _d21 |
||
| 225 | 1 | _aСерия "Медицина" | |
| 320 | _aБиблиогр.: с. 219 | ||
| 606 | 1 |
_aДети _xНеотложная помощь _xОрганизация _92199292 _3RU\NLR\auth\661321665 |
|
| 606 | 1 |
_aДети _xБолезни _xНеотложная помощь _9947695 _3RU\NLR\auth\66351697 |
|
| 610 | 0 | _aЗдравоохранение. Медицинские науки -- Педиатрия -- Болезни детей -- Неотложная терапия -- Пособие для специалистов | |
| 686 |
_aР733-5,3,07 _2rubbk |
||
| 686 | _aР11(2)442.3 | ||
| 686 | _aР733-5,3 | ||
| 700 | 1 |
_4070 _8rus _7ca _aМолочный _bВ. П. _f1945- _gВладимир Петрович _3RU\NLR\AUTH\775118 _9115086 |
|
| 701 | 1 |
_aРзянкина _bМ. Ф. _gМарина Федоровна _4070 |
|
| 701 | 1 |
_aЖила _bН. Г. _gНиколай Григорьевич _4070 |
|
| 801 | 0 |
_aRU _bРГБ _c20100712 _grcr |
|
| 801 | 1 |
_aRU _bРГБ _c20100712 |
|
| 801 | 2 |
_aRU _bNLR _c20100824 _grcr |
|
| 830 | _aавт. по кн. | ||
| 942 | _cBOOK | ||
| 980 | _aNB | ||